000
00307nam a22001337a 4500
008
180904b xxu||||| |||| 00| 0 eng d
020
_a
0815126190
041
_a
eng
080
_a
617
100
_a
6
101
_a
ANE
245
_a
Anesthesia & Peroperative Complications
_c
Benumof, J.L
942
_2
udc
_c
BK
999
_c
47504
_d
47504